| 000 | 01028nam a2200277Ia 4500 | ||
|---|---|---|---|
| 003 | OSt | ||
| 005 | 20221005105525.0 | ||
| 006 | a|||||r|||| 00| 0 | ||
| 007 | ta | ||
| 008 | 221004b |||||||| |||| 00| 0 ben d | ||
| 020 |
_a9789388183734 (hbk) _cINR 495.00 |
||
| 024 | _a43418 | ||
| 037 |
_bBR/7268A, 16/02/2019, Rajkamal Prakashan Pvt. Ltd. _cTextual |
||
| 040 |
_aCRL _cCRL _bben |
||
| 041 |
_2ben _aben |
||
| 082 | _aO157,1N37x, 152Q8 | ||
| 100 | _aलाठ, मुकुन्द, ले. | ||
| 245 | 0 | _aअॅंधेरे के रंग | |
| 246 | _aAॅandhere ke ranga | ||
| 260 |
_aनई दिल्ली _bराजकमल प्रकाशन भारत _c2018 |
||
| 300 |
_a219पृ0 _ccm. |
||
| 650 | _a बंगाली साहित्य | ||
| 650 | _aबंगाली कविता | ||
| 942 |
_hO157,1N37x, 152Q8 _cTEXL _2cc |
||
| 999 |
_c1016075 _d1016075 |
||